00219nam a2200097Ia 4500100003600000654001300036245001800049260003200067082001000099546001200109 aDudley/Darle W/ Johnston/ E.R.  aHandbook aGear Handbook bMcGraw HillaNew Yorkc1962 a621.8 aENGLISH